1141 1931 1844 1074 1359 1722 1767 1843 1614 1636 1232 1787 1394 1357 1546 1730 1785 1342 1414 1581 1999 1326 1628 1167 1964 1367 1934 1280 1757 1450 1309 1990 1841 1723 1749 1028 1608 1512 1523 1478 1482 1682 2000 1743 1598 1058 1373 1001 1380 1467 1028 1876 1850 1872 1066 1859 1196 1965 1502 1952 1901 1007 1058 1486 1733 1567 1449 1397 1831 1671 1620 1446 1069 1011 1118 1672 1974 1291 1688 1471 1731 1181 1481 1477 1848 1209 1677 1282 1067 1317 1257 1204 1668 1263 1273 1776 1774 1182 1535 BCNSPRNW ULIB Ver.6.0+V

เปลี่ยนเป็นภาษาไทย

Change to English
 แสดงรายละเอียดบรรณานุกรม
  กลับหน้าหลัก

Brief Record : Get Marc (ISO 2709) : E-mail record : QR code < ปิดหน้าต่าง
LEADER : 00000nam 2200000uu 4500
001    13399111450
003     ULIB
008    110627s||||||||th 000 0 tha d
020    9786165001304
090    นว.^bร147ค 2554
100 0  ร่มแก้ว
245 00 คุณชายปวรรุจ/^cร่มแก้ว
250    พิมพ์ครั้งที่ 4
260    กรุงเทพฯ :^bพิมพ์คำ,^c2554
300    328 หน้า
490 0  นวนิยายชุด สุภาพบุรุษจุฑาเทพ
945    ^p220^l0^i030169
995    ทศพร
999 ^a ใช้งานได้ทุกระบบ
รายการนี้ยังไม่มีแท็ก
คุณยังไม่ได้ล็อกอิน คุณสามารถมีกิจกรรมร่วมกับเว็บไซต์ได้ แต่ต้องล็อกอินก่อน ::
  ล็อกอิน

รายการสื่อสารสนเทศ

ลำดับที่ ประเภท เลขเรียก/บาร์โค้ด สถานที่ สถานะ
1. นวนิยาย
นวนิยาย
นว. ร147ค 2554 ฉ.1 
  Barcode: 030169
ห้องสมุดวิทยาเขตสวรรค์ประชารักษ์
►นวนิยาย
บนชั้น
  ขอยืม

รายการใกล้เคียง
    ผู้แต่ง [ร่มแก้ว]

BibComment


ยังไม่เคยถูกคอมเมนท์

คอมเมนท์ทรัพยากรรายการนี้
  คอมเมนท์: คุณชายปวรรุจ ร่มแ..


 Copyright 2026. Bcnsprnw @Library